Space sentinels (Record no. 85014)

MARC details
000 -LEADER
fixed length control field 01029cab a22002655a 4500
001 - CONTROL NUMBER
control field L159851
008 - FIXED-LENGTH DATA ELEMENTS--GENERAL INFORMATION
fixed length control field 150113e2017 xxk 000 0 eng d
035 ## - SYSTEM CONTROL NUMBER
System control number (Sirsi) u159851
041 0# - LANGUAGE CODE
Language code of text/sound track or separate title eng
050 ## - LIBRARY OF CONGRESS CALL NUMBER
Classification number 526.9823 $2 18
100 1# - MAIN ENTRY--PERSONAL NAME
Personal name Phipps, Graeme
245 00 - TITLE STATEMENT
Title Space sentinels
Medium [electronic resource]
260 ## - PUBLICATION, DISTRIBUTION, ETC.
Place of publication, distribution, etc. London
Name of publisher, distributor, etc. RICS
Date of publication, distribution, etc. 2017
490 ## - SERIES STATEMENT
Series statement RICS Building Surveying Journal
Volume/sequential designation July - August 2017, 16-17(2)
520 ## - SUMMARY, ETC.
Summary, etc. Satellite-based remote sensing can provide a valuable service for surveyors by monitoring ground movement in London, using Synthetic paerture radar (SAR) and Satellite interferometric SAR (InSAR) to detect, map and monitor surface deformation.
650 24 - SUBJECT ADDED ENTRY--TOPICAL TERM
Topical term or geographic name entry element GPS
650 24 - SUBJECT ADDED ENTRY--TOPICAL TERM
Topical term or geographic name entry element REMOTE SENSING
650 24 - SUBJECT ADDED ENTRY--TOPICAL TERM
Topical term or geographic name entry element SATELLITE SURVEYING
650 24 - SUBJECT ADDED ENTRY--TOPICAL TERM
Topical term or geographic name entry element SAR SATELLITES
650 24 - SUBJECT ADDED ENTRY--TOPICAL TERM
Topical term or geographic name entry element SURVEYING TECHNOLOGY
651 #4 - SUBJECT ADDED ENTRY--GEOGRAPHIC NAME
Geographic name United Kingdom
690 ## - LOCAL SUBJECT ADDED ENTRY--TOPICAL TERM (OCLC, RLIN)
Topical term or geographic name as entry element Geomatics
9 (RLIN) 6242
856 40 - ELECTRONIC LOCATION AND ACCESS
Uniform Resource Identifier <a href="https://issuu.com/ricsmodus/docs/building_surveying_journal_july___a">https://issuu.com/ricsmodus/docs/building_surveying_journal_july___a</a>
Link text Available free online via Issuu
942 ## - ADDED ENTRY ELEMENTS (KOHA)
Suppress in OPAC 0
Source of classification or shelving scheme Dewey Decimal Classification
Holdings
Withdrawn status Lost status Source of classification or shelving scheme Damaged status Not for loan Home library Current library Shelving location Date acquired Total Checkouts Full call number Barcode Date last seen Copy number Price effective from Koha item type
    Dewey Decimal Classification     London London Journal article 16/03/2018   L159851 159851-1001 06/08/2019 1 06/08/2019 Journal article